Personnages de fiction par couleur de cheveux - Brun - Statistiques

Statistiques générales
  • Ce quiz a été pris 132 fois
  • Le résultat moyen est 10 sur 20
Statistiques - réponses
Par images Réponse % Correct
Tarzan
100%
Hermione Granger
98%
Dora Marquez
96%
Belle
91%
Lara Croft
76%
Chihiro Ogino
67%
Obi-Wan Kenobi
65%
Morty Smith
58%
Arya Stark
50%
Light Yagami
50%
Eddie Munson
39%
Harold
37%
Lucy Pevensie
37%
Ochaco Uraraka
28%
Tracer
26%
Timmy Turner
25%
Seto Kaiba
21%
Leon S. Kennedy
20%
Aisha
9%
Beau Jack
9%
Aucun quiz correspondant
Distribution des résultats
% des personnes avec chaque résultat
Percentile par nombre de réponses
Votre historique - résultats
Vous n’avez pas pris ce quiz